Epic Rap Battles of History by lines - Statistics

General Stats
  • This quiz has been taken 70 times
  • The average score is 7 of 10
Answer Stats
Hint Answer % Correct
Four score, and 65 years in the past, I won the civil war with my beard, now I'm here to whop your a.s Abraham Lincoln
93%
There's no parrot on my shoulder and no ring in my ear, I'm an irate pirate real swashbuckling buccaneer Blackbeard
88%
le petit corporal here to get my groove on, even if I lose I comeback and get my coup on Napoleon
86%
Bully! A challenge! I love competition! Now where would I mount the stuffed head of a Winston? Theodore Roosevelt
82%
You got one b..ch pregnant that gave it hate, now you 6'6 and black but can't get a date Adolf Hitler
81%
I'm one of a kind, you always getting remade, you can't touch me, double oh behave Austin Powers
74%
I only need five lines, cause I look f...ing great, you look like someone spiled lasaghna on your face Boba Fett
65%
I got the best world plays, ask my supporters, I got more dis abbilities than a New york times reporter Donald Trump
60%
Who's properly rocking the monopoly mustache, yo I own the railroad, I run these tracks J.P Morgan
46%
Who can stop this constipaded jock? With an awful animation and a complicated plot Superman
46%
No matching quizzes found
Score Distribution
Percent of People with Each Score
Percentile by Number Answered
Your Score History
You have not taken this quiz